000 00503nam a2200217Ia 4500
003 OSt
005 20220924150757.0
006 a|||||r|||| 00| 0
007 ta
008 220923b |||||||| |||| 00| 0 tel d
024 _a334594
037 _cTextual
040 _aARTS
_cARTS
_btel
041 _2tel
_atel
082 _aO35,3, J2
245 0 _aKandapallli muttadi
260 _c1952
650 _aTELUGU FICTION
942 _hO35,3, J2
_cTEXL
_2CC
999 _c464479
_d464479